|
|
|
|
| LEADER |
00874nam a22002412a 4500 |
| 001 |
000314186 |
| 003 |
CZ BrMZK |
| 005 |
20071120092853.0 |
| 007 |
ta |
| 008 |
980103s1988 xo f slo d |
| 040 |
|
|
|a BOA001
|b cze
|
| 080 |
9 |
|
|a 339.452(076.5)
|
| 245 |
0 |
0 |
|a Plánovanie životnej úrovne :
|b semináre a cvičenia /
|c Mária Blašková a kolektív
|
| 250 |
|
|
|a 1. vyd.
|
| 260 |
|
|
|a Bratislava :
|b Vysoká škola ekonomická,
|c 1988
|
| 300 |
|
|
|a 131 s.
|
| 504 |
|
|
|a Obsahuje bibliografii
|
| 700 |
1 |
|
|a Blašková, Mária,
|d 1946-
|7 mzk2007424227
|4 aut
|
| 910 |
|
|
|a BOA001
|b TK-A-0238.824
|b 4-0937.893
|
| 964 |
|
|
|a Úroveň životní - praktika
|
| 990 |
|
|
|a BK
|
| 996 |
7 |
|
|b 2629968448
|c TK-A-0238.824
|l MZK
|r Sklad / do 24 hodin
|n 0
|w 000314186
|u 000010
|a 1
|e BOA001
|j MZK50
|s A
|
| 996 |
6 |
|
|b BC-496212
|c 4-0937.893
|l MZK
|r Sklad / do 1 hodiny
|n 0
|w 000314186
|u 000020
|a 1
|e BOA001
|j MZK50
|s P
|